00896nam a2200253 a 450000100060000000300080000600500170001400800410003103500200007204000350009204100080012708200260013510000490016124500850021025000110029526000370030630000240034350000200036765000420038765000510042994200120048099900170049295201330050945987BD-RjUL20211209054107.0161204s1942 nyu 001 0 eng d a(BD-RjUL) 46105 aBD-RjULbengcBD-RjULdBD-RjUL aeng 223a301.072bLUS 19421 aLundberg, George Andrew,d1895-1966.914061310aSocial research :ba study in methods of gathering data /cby George A. Lundberg a2nd ed aLondon :bGreeneood Press,c1942 axx, 426 p. ;c21 cm aIncludes Index. 0aSocial surveyszUnited States9140614 0aSocial sciencesxResearchxMethodology9140472 2ddccBK c45987d45987 00102ddc40718NFICaRUCLbRUCLcReadingd1971-08-01eN/Ag0.00l0o301.072 LUS 1942r2016-07-30 00:00:00tC-1w2021-12-09yBK